| 000 | 00517nam a2200169 a 4500 | ||
|---|---|---|---|
| 005 | 20210219150106.0 | ||
| 008 | 991125s1940 mx 000 0 spa u | ||
| 035 | _aUPN01000007217 | ||
| 049 | _aCE | ||
| 050 | 4 |
_aBX1965 _bG9.5 1940 |
|
| 100 | 1 | _aGuevara, Crisóforo | |
| 245 | 1 | 0 |
_aCatecismo para el segundo curso elemntal del programa litúrgico : _bprimer grado / _cCrisóforo Guevara. |
| 260 |
_a[Morelia : _bs.n.], _c1940. |
||
| 300 | _a28 p. | ||
| 650 | 4 |
_aIGLESIA CATOLICA - _xCATECISMOS Y CREDOS |
|
| 905 | _aLibro | ||
| 999 |
_c7217 _d7217 |
||